000
00323nam a22001337a 4500
008
251118b |||||||| |||| 00| 0 eng d
020
_a
058230298
050
_a
TA545
_b
.B25
100
_a
Bannister, Arthur
245
_a
Surveying
260
_a
England.
_b
pearson Education Limited.
_c
1998.
300
_a
x.502p.
942
_c
BK
999
_c
4500
_d
4500